| 000 | 00377nam a2200133Ia 4500 | ||
|---|---|---|---|
| 008 | 191111s9999 xx 000 0 und d | ||
| 020 | _a9789887849414 | ||
| 100 | _aShijian, Lin. | ||
| 245 |
_cLin Shijian.-- _aThe Art of printing / |
||
| 260 |
_aBeijing : _bSendPoints Publishing Co., Ltd. _c2018 |
||
| 300 | _a255 pages. | ||
| 650 | _aPrinting | ||
| 650 | _aPrinting -- history | ||
| 999 |
_c362584 _d362584 |
||